Statistiques concernant Paroles - Fais des bébés - Jean-Jacques Goldman

Cliquez ici pour prendre le quiz!

Statistiques générales

  • Ce quiz a été pris 7 fois
  • Le résultat moyen est 348 sur 439

Statistiques - réponses

Paroles% Correct
à
100%
a
100%
au
100%
bébés
100%
bébés,
100%
Ça
100%
ça
100%
c'est
100%
C'est
100%
de
100%
des
100%
Du
100%
du
100%
En
100%
en
100%
Fais
100%
fais
100%
la
100%
là,
100%
Le
100%
le
100%
les
100%
Les
100%
pas,
100%
Pas
100%
pas
100%
pas?
100%
Plus
100%
plus
100%
pour
100%
qui
100%
quoi
100%
sais
100%
sans
100%
s'en
100%
sers
100%
si
100%
Si
100%
t'a
100%
ta
100%
tu
100%
Tu
100%
Acide,
83%
adhère
83%
amer,
83%
as
83%
aux
83%
biberons
83%
bien
83%
Bien
83%
bout
83%
chaud
83%
chaude
83%
cinéma,
83%
compliqué,
83%
c'que
83%
d'eau
83%
déçu,
83%
diras
83%
elle
83%
encore
83%
entier
83%
Et
83%
et
83%
Eux
83%
faire
83%
filles
83%
fous
83%
jamais
83%
KO,
83%
leur
83%
leurs
83%
Mais
83%
mal
83%
mammifère
83%
même
83%
monde
83%
Ne
83%
ne
83%
ni
83%
nuit
83%
plaît
83%
point
83%
que
83%
Que
83%
qu'elles
83%
redeviens
83%
repère
83%
rien
83%
rouleau,
83%
sauront
83%
sont
83%
tas
83%
t'as
83%
te
83%
temps,
83%
toi
83%
toi,
83%
ton
83%
toute
83%
un
83%
une
83%
A-B-C-D,
67%
aussi
67%
avec
67%
bain
67%
beau,
67%
bête
67%
bombes
67%
bon
67%
(bonne
67%
cadavres
67%
cent
67%
cerveaux
67%
cinq
67%
Comme
67%
comme
67%
copains
67%
coule
67%
coules
67%
cris,
67%
dans
67%
d'essence
67%
d'état
67%
deux
67%
dis
67%
d'un
67%
efface
67%
entendu
67%
entière
67%
éprouvette,
67%
évidemment
67%
fait
67%
feux
67%
fois
67%
f'ra
67%
froid,
67%
froid
67%
gratuit,
67%
guerres
67%
hais
67%
Histoire
67%
Ils
67%
inséminé
67%
jour
67%
kilomètres
67%
l'humanité
67%
marrer
67%
méchant,
67%
mens
67%
mieux
67%
moins
67%
moment
67%
nous,
67%
Ou
67%
ou
67%
peau
67%
Permanent
67%
peu
67%
peut
67%
plaintes
67%
plat,
67%
prendre
67%
prix
67%
p't'être
67%
Quand
67%
qu'FR3
67%
qu'y
67%
raison
67%
ramant
67%
rêves
67%
rouges
67%
saintes
67%
saletés
67%
sorcier,
67%
sûr
67%
t'bouffent
67%
t'en
67%
tes
67%
tombent
67%
touches,
67%
toujours
67%
trop
67%
affaire
50%
amphétamines
50%
ans
50%
aventure
50%
Baby
50%
base
50%
bruit,
50%
Cassé,
50%
chance!)
50%
Chérie
50%
costaud,
50%
d'ailleurs
50%
dépend
50%
désordre
50%
d'expérimenter
50%
dormir
50%
doutes
50%
droit
50%
entre
50%
existentiel,
50%
facile
50%
flacon
50%
garantie
50%
Grand
50%
gros
50%
grumeaux,
50%
huit
50%
hurle
50%
intelligent,
50%
intéressant
50%
Jouer
50%
joues,
50%
j'te
50%
jusqu'à
50%
l'acquis
50%
l'inné
50%
l'ivresse
50%
l'on
50%
longs,
50%
longs
50%
monter
50%
mordre
50%
moyen
50%
nouvelle
50%
Ok,
50%
os
50%
parts
50%
passé,
50%
pied
50%
pourvu
50%
présent
50%
Problème
50%
problèmes,
50%
qu'imparfait
50%
Qu'importe
50%
qu'un
50%
rapporter
50%
rase,
50%
résoudra
50%
ressert,
50%
reste
50%
Reste
50%
safari,
50%
saisir
50%
sang,
50%
secours
50%
sent
50%
S'il
50%
spleens
50%
surtout
50%
s'use
50%
table
50%
t-elle
50%
température
50%
tricher,
50%
voilà
50%
ferais
33%
L'ennemi,
33%
s'occupent
33%
t'trouveront
33%
bouille
17%
qu't'aies
17%

Distribution des résultats

Percentile par nombre de réponses

% des personnes avec chaque résultat

Votre développement - résultats

Vous n’avez pas pris ce quiz